000 00289nam a22001217a 4500
082 _a621.3192 KER'A
100 _aCORCORAN, G. F,KERCHINER, R. M
_978946
245 _aALTERNATING CURRENT CIRCUITS
250 _a4TH
260 _aNEWYORK
_bJOHN WILEY
_c1960
300 _a602P
942 _cBK
999 _c584017
_d584017